O Falso Stilton (Registo nº 917)

Detalhes MARC
000 -Etiqueta do registo
Cabeçalho 00770nam0a2200301 n 4500
005 - Identificador da versão
Campo de controlo 20240813121819.0
010 ## - Número internacional normalizado dos livros (ISBN)
Número (ISBN) 9789722334792
021 ## - Número do Depósito Legal
Código do país PT
Número 292 543/09
035 ## - Other System Control Numbers
System Control Number 0000981
System Control Number 0000964
100 ## - Dados gerais de processamento
Dados gerais de processamento 20091116d da y0pory5003 ba
102 ## - Pais de publicação ou produção
País de publicação Portugal
101 1# - Língua de publicação
Língua do texto, banda sonora, etc. Português
Língua do documento no original Italiano
106 ## - Campo de dados codificados: material textual
Dados codificados do material textual r
105 ## - Campo de dados codificados: livros
Dados codificados dos livros a z 001yy
215 ## - Descrição física 
Indicação específica da natureza do documento e extensão da espécie p. 117
Outras indicações físicas il.
Dimensões 19 cm.
200 1# - Titulo e menção de responsabilidade
Título próprio O Falso Stilton
Primeira menção de responsabilidade Geronimo Stiton
225 2# - Colecção 
Título próprio da colecção Geronimo Stilton
Indicação de volume 3
205 ## - Menção da edição
Menção da edição 3ª ed.
210 ## - Publicação, Distribuição, etc. 
Lugar da edição, distribuição, etc. Barcarena
Nome do editor, distribuidor, etc. Presença
Data da publicação, distribuição, etc. 2009
304 ## - Notas relativas a título e menção de responsabilidade 
Texto da nota Tít. orig.: Giù le zampe, faccia di fontina!
675 ## - Classificação Decimal Universal (CDU)
Notação 821.131.1-93"20"
Edição BN
Língua da edição por
700 #1 - Nome de autor-pessoa física (responsabilidade principal)
Número de registo de entrada de autoridade 0001207
Palavra de ordem Stilton
Outra parte do nome não tomada para palavra de ordem Geronimo
942 ## - Elementos de entrada adicionados (Koha)
Tipo de item no Koha Livro
Exemplares
Situação do levantamento Origin of item (home branch) (coded) Biblioteca de empréstimo Código de barras Cota Circulation type (not for loan) Tipo de documento Nota do exemplar Damaged status
  Biblioteca Escolar Eng. Nuno Mergulhão Biblioteca Escolar Eng. Nuno Mergulhão BENM1658 8EST STI   Livro Sem mensagem